Η συμβολή των μικρομορφολογικών αναλύσεων στη μελέτη της στρωματογραφίας : η περίπτωση του σπυλαίου Σαρακηνού Βοιωτίας : διπλωματική εργασία [πτυχιακή εργασία]

Αποθηκεύτηκε σε:
Λεπτομέρειες βιβλιογραφικής εγγραφής
Κύριος συγγραφέας: Αναγνώστου, Κωνσταντίνα
Συγγραφή απο Οργανισμό/Αρχή: Πανεπιστήμιο Αιγαίου Σχολή Ανθρωπιστικών Επιστημών Τμήμα Μεσογειακών Σπουδών
Άλλοι συγγραφείς: Λυριτζής, Ιωάννης (Εισηγητής διατριβής)
Μορφή: Thesis Βιβλίο
Γλώσσα:Greek
Δημοσίευση: 2014
Θέματα:
Διαθέσιμο Online:http://hdl.handle.net/11610/8190
Ετικέτες: Προσθήκη ετικέτας
Δεν υπάρχουν, Καταχωρήστε ετικέτα πρώτοι!

MARC

LEADER 00000cam a2200000 i 4500
001 1/62985
008 150112s2014 gre d
035 |l 10120331 
040 |a GR-MY-UA  |b gre  |e aacr 
041 0 |a gre 
082 0 |a 551.7  |2 (22) 
100 1 |a Αναγνώστου, Κωνσταντίνα. 
245 1 2 |a Η συμβολή των μικρομορφολογικών αναλύσεων στη μελέτη της στρωματογραφίας :  |b η περίπτωση του σπυλαίου Σαρακηνού Βοιωτίας : διπλωματική εργασία [πτυχιακή εργασία] /  |c Αναγνώστου Κωνσταντίνα ; επιβλέπων: Λυριτζής Ιωάννης 
260 |c 2014 
300 |a 127 σ.;  |b εικ., φωτ.;  |c 30 εκ. 
500 |a Μέλη εξεταστικής επιτροπής: Θεοδώρου Γ., Παυλάκης Π. 
502 |a Πτυχιακή εργασία – Πανεπιστήμιο Αιγαίου, Ρόδος, 2014. 
504 |a Βιβλιογραφία: σ. 96-104 
650 0 0 |a Geology, Stratigraphic. 
650 0 |a Caves  |z Greece  |z Orchomenos (Viotia) 
650 0 |a Geology, Stratigraphic  |z Greece  |z Orchomenos (Viotia) 
650 0 0 |a Dissertations, Academic  |z Greece. 
700 1 |a Λυριτζής, Ιωάννης.  |4 ths 
710 2 |a Πανεπιστήμιο Αιγαίου  |b Σχολή Ανθρωπιστικών Επιστημών  |b Τμήμα Μεσογειακών Σπουδών. 
852 |a INST  |b RHODES  |c DIATR  |e 20150112  |h 551.7 ΑΝΑ  |p 005400037401  |q 005400037401  |t DIE  |y 23 
852 |a INST  |b RHODES  |c DIATR  |e 20150112  |h 551.7 ΑΝΑ  |p 005400037402  |q 005400037402  |t DIE  |y 23 
856 |u http://hdl.handle.net/11610/8190 
901 |a BIBL4-2014-1 
909 |a Ρ  |b 183722 
909 |a Ρ  |b 183723 
924 |a ΑΝΑΓΝΩΣΤΟΥ  |b ΚΩΝΣΤΑΝΤΙΝΑ  |y ΡΟΔΟΣ  |z 2014-11 
970 |z 2015/01/12